| 000 | 00416nam a22001457a 4500 | ||
|---|---|---|---|
| 082 |
_a954.91 _bQAI _cL-30, P-181 |
||
| 100 |
_aQisar Farooqi _949111 |
||
| 245 |
_aسیاچین کی سرحدپر _cQisar Farooqi |
||
| 250 | _a12th ed. | ||
| 260 |
_aIsd _bArmy Education Press _c1991 |
||
| 300 | _a680 p.; | ||
| 526 |
_a0 _b0 _c0 _d954_910000000000000_QAI |
||
| 526 |
_a0 _b0 _c0 _d954_910000000000000_QAI |
||
| 942 |
_2ddc _cBK |
||
| 999 |
_c551941 _d551941 |
||